Hungriest Countries - Statistics

General Stats
  • This quiz has been taken 49 times
  • The average score is 13 of 20
Answer Stats
% people Answer % Correct
60 Somalia
90%
48 Central African Republic
85%
42 Democratic Republic of the Congo
85%
32 Chad
83%
38 Republic of the Congo
80%
26 Afghanistan
78%
35 Rwanda
78%
45 Yemen
76%
31 Mozambique
73%
25 Kenya
68%
47 Haiti
66%
38 Iraq
66%
25 Tanzania
66%
42 North Korea
61%
43 Madagascar
59%
39 Liberia
56%
26 Sierra Leone
54%
29 Botswana
49%
27 Venezuela
44%
25 Papua New Guinea
20%
No matching quizzes found
Score Distribution
Percent of People with Each Score
Percentile by Number Answered
Your Score History
You have not taken this quiz